KOHA-Header-6

Language and Gender (Record no. 13352)

000 -LEADER
fixed length control field 00276nam a22001217a 4500
020 ## - INTERNATIONAL STANDARD BOOK NUMBER
ISBN 9780511077654
082 ## - DEWEY DECIMAL CLASSIFICATION NUMBER
Classification number 823.809
100 ## - MAIN ENTRY--AUTHOR NAME
Personal name Penelope Eckert, Sally McConnell-Ginet
245 ## - TITLE STATEMENT
Title Language and Gender
260 ## - PUBLICATION, DISTRIBUTION, ETC. (IMPRINT)
Place of publication UK
Name of publisher Cambridge
Year of publication 2003
300 ## - PHYSICAL DESCRIPTION
Number of Pages 376
942 ## - ADDED ENTRY ELEMENTS (KOHA)
Koha item type Books
Holdings
Withdrawn status Lost status Collection code Permanent Location Current Location Date acquired Full call number Accession Number Koha item type
    English Literature MAJU MAJU 2022-07-14 823.809 10417 English Literature

Powered by Koha